000 02357nam a2200325 i 4500
001 16255
003 DO-SdUEMH
005 20260123211730.0
007 ta
008 211105s2014||||dr |||gr|||| 0|| | spa d
020 _a9993490962
040 _aDO-SdUEMH
_bspa
_erda
041 _aspa
082 1 4 _aRD343.015 R426 2014
_mRD
_bM538
084 _b14-00097
100 1 _aMéndez Gómez, Ana Marina
_ecolb
110 _aRepública Dominicana: Ministerio de Defensa
245 0 _aÍndice de la Legislación Militar Dominicana (1844-2013):
_b leyes, decretos, resoluciones, órdenes ejecutivas, órdenes generales, reglamentos, ordenanzas, circulares, etc.
_cCopiladora: Ana Marina Méndez Gómez
250 _aSegunda edición
260 _c2014
264 1 _aSanto Domingo, República Dominicana :
_bLORICAR, SRL,
_c2014
264 4 _c©2014
300 _axvi, 434 páginas :
_c27 cm.
336 _2rdacontent
_atexto
_btxt
337 _2rdamedia
_asin mediación
_bn
338 _2rdacarrier
_avolumen
_bnc
505 2 _aLegislación militar dominicana por períodos de gobierno -- Índice alfabético por temas -- Legislación militar dominicana: leyes, decretos, resoluciones, órdenes ejecutivas, órdenes generales, reglamentos, ordenanzas y circulares -- Nombramientos de secretarios y ministros de las Fuerzas Armadas -- Nombramientos de subsecretarios y viceministros de las Fuerzas Armadas -- Primeros subsecretarios de Estado de lo Interior, Policía, Guerra y Marina y otras leyes y decretos relacionados con la Subsecretaría de Estado de las Fuerzas Armadas -- Subsecretarios y viceministros de las Fuerzas Armadas por el Ejército Nacional y viceministro de Defensa para Asuntos Militares -- Subsecretarios y viceministros de las Fuerzas Armadas por la Marina de Guerra y viceministro de Defensa para Asuntos Navales y Costeros -- Subsecretarios y viceministros de las Fuerzas Armadas por la Fuerza Aérea Dominicana y viceministro de Defensa para Asuntos Aéreos y Espaciales -- Nombramientos de inspectores generales de las Fuerzas Armadas -- Nombramientos de jefes de Estado Mayor del Ejército Nacional y comandante general del Ejército de la República Dominicana -- Nombramientos de jefes de Estado Mayor de la Marina de Guerra y comandante general de la Armada de la República Dominicana.
942 _2ddc
_cBK
_n0
999 _c16255
_d16255